| 000 | 00565nam a2200169 i 4500 | ||
|---|---|---|---|
| 001 | 49644 | ||
| 003 | ES-MaACL | ||
| 005 | 20230906162033.0 | ||
| 007 | t| | ||
| 008 | 030721s1904 sp ||||1| spa d | ||
| 100 | 1 |
_aCotarelo Valledor, Armando, _d1879-1950 _941167 |
|
| 245 | 1 | 0 |
_aUna cantiga célebre del Rey Sabio _b: . Fuentes y dearrollo de la leyenda de Sor Beatriz / _cpor Armando Cotarelo Valledor. |
| 260 |
_aMadrid : _b[s.n.], _c1904 ( _fImp. de Antonio Marzo) |
||
| 300 |
_a205 p. ; _c17 cm. |
||
| 852 |
_aES-MaACL _jF-9600 |
||
| 999 |
_c49644 _d49644 |
||